| 000 | 00511nam a2200169Ia 4500 | ||
|---|---|---|---|
| 003 | OSt | ||
| 005 | 20200617123141.0 | ||
| 008 | 190216s9999||||xx |||||||||||||| ||und|| | ||
| 020 | _a9780333902981 | ||
| 040 | _coclc | ||
| 082 |
_a954 _bMAJ/A |
||
| 100 |
_aMajumdar, R C _93013 |
||
| 245 | 0 |
_aAn Advanced History Of India / _cR C Majumdar ; H C Raychaudhuri ; K Datta |
|
| 260 |
_bMacmillan India Ltd, _c2008. _aNew Delhi: |
||
| 300 | _a1149p | ||
| 942 |
_cBK _2ddc _h954 _iMAJ/A _k954 _mMAJ/A |
||
| 999 |
_c21340 _d21340 |
||